The Oxford sermon versified : dedicated to the Revd̳. Joseph Betty, M.A. /

Bibliographic Details
Main Author: Gingle, Jacob, pseud
Format: Book
Language:English
Published: London : Printed for Timothy Atkins, at Dr. Sacheverell's Head, near St. Paul's, 1730.
Edition:The third edition.
Subjects:

MARC

Tag First Indicator Second Indicator Subfields
LEADER 00000cam a2200000Ia 4500
001 in00002718421
005 20191126151248.0
008 111214s1730 enk 000 p eng d
035 |a (OCoLC)ocm14183912 
040 |a MUU  |b eng  |c MUU  |d OCLCQ  |d OCLCO  |d OCLCF  |d TXA 
035 |a (OCoLC)14183912 
043 |a e-uk-en 
050 4 |a PR3478.G4  |b O9 1730c 
049 |a TXAM 
100 1 |a Gingle, Jacob,  |c pseud. 
245 1 4 |a The Oxford sermon versified :  |b dedicated to the Revd̳. Joseph Betty, M.A. /  |c by Jacob Gingle, Esq. 
250 |a The third edition. 
260 |a London :  |b Printed for Timothy Atkins, at Dr. Sacheverell's Head, near St. Paul's,  |c 1730. 
300 |a i-vi, 7-36 pages ;  |c 20 cm (8vo) 
336 |a text  |b txt  |2 rdacontent 
337 |a unmediated  |b n  |2 rdamedia 
338 |a volume  |b nc  |2 rdacarrier 
500 |a A satire. 
500 |a Dedication signed: Jacob Gingle; dated: Decem. 19, 1729. 
500 |a Jacob Gingle is a pseudonym. 
500 |a Signatures: A-D⁴, E². 
500 |a Head ornament. 
500 |a On t.p. "d̳" is superscript. 
500 |a Advertisement on page 36. 
500 |a The Cushing Library/Rare Books copy was acquired as part of the Lois Goddard Morrison Collection of Eighteenth Century Literature.  |5 TXA 
500 |a The Cushing Library/Rare Books copy is bound with: The divine institution of the ministry, and the absolute necessity of church-government : a sermon preach'd before the University of Oxford, on Sunday the 21st of September, 1729 / by Joseph Betty. [London : Printed for Sam. Wilmot [and others], 1729] -- The Oxford sermon versified : dedicated to the Revd̳. Joseph Betty, M.A. The third edition / by Jacob Gingle, Esq. [London : Printed for Timothy Atkins, 1730] -- The traditions of the clergy destructive of religion: with an enquiry into the grounds and reasons of such traditions ... The fifth edition / by William Bowman, M.A. [London : Printed for Stephen Austen, 1731].  |5 TXA 
510 4 |a English Short Title Catalog,  |c T43525 
510 4 |a Foxon, D. F. English verse, 1701-1750,  |c O272 
510 4 |a Hennington, B. M. Lois G. Morrison Collection of Eighteenth Century Literature: a checklist,  |c 190 
600 1 0 |a Betty, Joseph,  |d -1731.  |t Divine institution of the ministry, and the absolute necessity of Church government. 
610 2 0 |a Church of England  |x Government  |v Early works to 1800. 
650 0 |a Verse satire, English  |v Early works to 1800. 
610 2 7 |a Church of England.  |2 fast  |0 (OCoLC)fst00532932 
650 7 |a Political science.  |2 fast  |0 (OCoLC)fst01069781 
700 1 |a Atkins, Timothy,  |e bookseller. 
752 |a England  |d London. 
948 |a cataloged  |b h  |c 2019/9/18  |d enhance  |e fpiscitelli  |f 3:23:43 pm 
994 |a C0  |b TXA 
999 f f |s fccd980e-ebde-361c-b228-46bed2aea307  |i 19ece345-89bb-3cdb-a45c-60ee56a439c9  |t 0 
952 f f |p noncirc  |a Texas A&M University  |b College Station  |c Cushing Memorial Library & Archives  |d Cushing: Rare Books (Does not check out)  |t 0  |h No information provided  |i unmediated -- volume 
952 f f |p noncirc  |a Texas A&M University  |b College Station  |c Cushing Memorial Library & Archives  |d Cushing: Rare Books (Does not check out)  |t 0  |e BX5150 .B38 1729b  |h Library of Congress classification  |i unmediated -- volume  |m A14852106450 
952 f f |a Texas A&M University  |b College Station  |c Cushing Memorial Library & Archives  |d Cushing: Rare Books (Does not check out)  |t 0  |e BX5150 .B38 1729b  |h Library of Congress classification 
998 f f |s t.3  |t 0  |l Cushing: Rare Books (Does not check out) 
998 f f |a BX5150 .B38 1729b  |t 0  |l Cushing: Rare Books (Does not check out)